000 00731nam a2200193Ia 4500
008 151121s9999||||xx |||||||||||||| ||und||
082 _a780/गर्ग
082 _bHNW-58576
100 _aगर्ग लक्ष्मीनारायण-संपा
245 _aठुमरी-गायकी
260 _b"संगीत कार्यालय, हाथरस,उत्तरप्रदेश"
260 _c--
300 _a124
600 _aगर्ग लक्ष्मीनारायण-संपा
630 _aठुमरी-गायकी
700 _aगर्ग लक्ष्मीनारायण-संपा
730 _aठुमरी-गायकी
942 _cBOOK
999 _c1240384
_d1240381